| 000 | 00617nam a2200229Ia 4500 | ||
|---|---|---|---|
| 003 | OSt | ||
| 005 | 20220817095231.0 | ||
| 008 | 220817b |||||||| |||| 00| 0 eng d | ||
| 020 | _a0 07 047359 5 | ||
| 040 | _cIFM Library | ||
| 082 | _a658.404 | ||
| 100 |
_aChandra, Prasanna _9560 |
||
| 245 | _aProjects: Planning, Analysis, Selection, Financing, Implementation and Review | ||
| 250 | _a5th ed. | ||
| 260 | _aNew Delhi: | ||
| 260 | _bNew Delhi | ||
| 260 | _c2002 | ||
| 300 |
_axx, 745 p. _b: ill.; 25 cm. |
||
| 500 | _aIncludes Index | ||
| 650 |
_aProject Management _93205 |
||
| 942 |
_cBK _2ddc _e5th ed. _n0 |
||
| 999 |
_c7849 _d7849 |
||